00707nam a22001937a 4500999001900000005001700019010001500036020002600051035001400077037001300091082001100104100001600115245004600131260004000177270011800217300002000335942002500355952013300380 c192636d19263620220928140645.0 aENG-135238 c995.00a9789383316007 aEN-118770 bDBAD/PUB a954.11 aMehta, J.N. aHistory of Jammu And Kashmir/cJ.N. Mehta aNew DelhibGaurav Book Centrec2016 bNew Delhia4832/24, Prahalad Lane, S-207, Ansari Road Daryaganje110002k011-43570976mgauravbookcentre@gmail.com a223p.c22cm(HB) 2ddccENmMEHh954.11 001040708NFICaBNbBNd2022-09-28eDBAD/PUBg995.00l1o954.11 MEHpEN-118770r2024-04-05 00:00:00s2024-03-28t1v995.00yEN